MDQL
is popping MORE tags! Check the
thread
!
Quizzes
Events
Quiz Creation
Community
Videos
Private Events
Remove Ads
Sign In
Join for FREE
Feedback
Dark Mode
Quiz Categories
Sports
Geography
Music
Movies
Television
Just For Fun
Miscellaneous
History
Literature
Language
Science
Gaming
Entertainment
Religion
Holiday
For Kids
Quiz Lab
Recent
Popular Today
Quiz Kudos Today
Editor Picks
Curator Picks
Quizzes by...
Day
Popularity
Type
Ratings
Length
Year
Community
Subscriptions
Recent Discussions
Orange Saloon
Badges
Playlists
Quests
Create
Leaderboards
Showdown
Live 5
Trivia Bingo
Activity
Puzzle Library
Sporcle Events
Private Events
Virtual Trivia
Globe League
Become a Host
Pub Owners
SporcleCon
Opinionation
Our Games
Videos
Blog
Mobile Apps
Partnerships
Remove Ads and Go Orange
Feedback
Literature
Harry Potter
A Song of Ice and Fire
The Hunger Games
Literary Character
Shakespeare
Book
Author
Novel
Poem
Young Adult
Children's Books
Play
Lord of the Rings
Literature
Harry Potter
A Song of Ice and Fire
The Hunger Games
Literary Character
Shakespeare
Book
Author
Novel
Poem
Young Adult
Children's Books
Play
Lord of the Rings
Random Quiz
Search Sporcle
×
Quiz Lab
Quiz Lab
Literature
Quote
Type in answers that appear in a list
Type in answers that appear in a list
Classic
Best Score? Go Orange.
Complete the Discworld quote 2 Stats
Can you Complete the discworld quote?
By
TheChigs
10m
20 Questions
129 Plays
129 Plays
129 Plays
Comments
Comments
Give Quiz Kudos
Give Quiz Kudos
-
- Ratings
hide this ad
Replay
Link that replays current quiz
Next Quiz
Link to next quiz in quiz playlist
You Got
0%
They Got
Avg Score
68%
Avg Friend Score
Upgrade to see
Score Distribution
Jump to the score distribution portion of the page
Score
0/20
Timer
10:00
0
Plays Today
Hint
Answer
% Correct
Give a man a fire and he's warm for a day, but set fire to him and he's warm for the rest of his _
_
_
_
life
95.3%
I've seen excitement, and I've seen boredom. And boredom was _
_
_
_
best
90.6%
“Luck is my middle name,” said Rincewind, indistinctly. “Mind you, my first name is _
_
_
'
bad
89.1%
Really? What is so surprising about bacon? “I don't know. I suppose it comes as something of a shock to the _
_
_
pig
89.1%
Vimes said, 'Do you serve anything that isn't alcoholic?' [..] 'Well, you see, sir, this is what we call a pub. People gets stuffy about it if I leaves out the _
_
_
_
_
_
_
'
alcohol
88.3%
Time passed, which, basically, is its _
_
_
job
86.7%
“That’s blasphemy,” said the vampire. He gasped as Vimes shot him a glance like sunlight. “That’s what people say when the voiceless _
_
_
_
_
'
speak
85.2%
For example, the dwarfs found out how to turn lead into gold by doing it the hard way. The difference between that and the easy way is that the hard way _
_
_
_
_
works
82.8%
Thunder rolled... It rolled a _
_
_
six
79.7%
It was amazing, he thought, how people would argue against figures on no better basis than 'they must be _
_
_
_
_
'
wrong
78.9%
Hint
Answer
% Correct
What sort of man would put a known criminal in charge of a major branch of government? Apart from, say, the average _
_
_
_
_
voter
77.3%
Just erotic. Nothing kinky. It’s the difference between using a feather and using a _
_
_
_
_
_
_
chicken
75%
The Truth Shall Make Ye _
_
_
_
fret
71.1%
There was something creepy about that boy, Nhumrod thought. It was the way he looked at you when you were talking, as if he was _
_
_
_
_
_
_
_
_
listening
67.2%
Early to rise, early to bed, makes a man healthy, wealthy and _
_
_
_
dead
65.6%
“How do you get all those coins?” asked Mort. IN _
_
_
_
_
PAIRS
41.4%
'Words have sex in foreign parts,' said Nanny _
_
_
_
_
_
_
_
_
hopefully
35.9%
Mere animals couldn't possibly manage to act like this. You need to be a human being to be really _
_
_
_
_
_
stupid
32.8%
William Spigot was the one that sang when he worked, breaking into that long nasal whine which meant that folk song was about to be _
_
_
_
_
_
_
_
_
_
_
perpetrated
25%
on the disc, the Gods are not so much worshipped as _
_
_
_
_
_
blamed
13.3%
Quiz Playlist
Details
Report
Send in Message
Add To Playlist
Classic:
Type in answers that appear in a list
Quiz Source
Last Updated: Jan 27, 2018
Quiz Scoreboard
CHALLENGE
Sign Up to Join the Scoreboard
Show All
Scores
Hide
Comments
May contain spoilers
Recently Published
1-10 Letter E Words III
by El_Dandy
Language
2m
Street Fighter Characters
by Artimus82
Gaming
60s
College Basketball Coaching Resumes
by pancakes188
Sports
9m
More to Explore
Quiz From the Vault
Featured Blog Post
Where Did the Easter Bunny Come From?
hide this ad
You Might Also Like...
Tags
Quote Quiz
Discworld
Discworld Novels
pratchett
Terry Pratchett
Today's Top Quizzes in Literature
Browse Literature
hide this ad
Today's Top Quizzes in Quote
Browse Quote
Top Contributed Quizzes in Literature
1
Sneaky Slytherin Logic Puzzle
2
Get The Picture: Black or White Literature
3
5-to-1: Plays
4
A Court of Thorns and Roses (ACoTaR) Logic Puzzle
5
One Thing in Common: Literature
6
One Thing in Common: Literature II
7
One Thing in Common: Books
8
One Thing in Common: Literature 3
9
'Middle' Earth
10
Harry Potter Neighbourly Logic Puzzle #1
Explore More
Trending Topics
Harry Potter
NBA
Crossword
Kpop
Marvel
Disney
Anime
Soccer
Pokémon
Puzzle
The Office
NFL
Country
WWE
Song
hide this ad
More By:
TheChigs
Quiz
Plays
Rating
Category
Featured
Created
Astronomer Name Match-Up
15,043
4.60
Science
Sep 1, 2016
'A' British slang
5,176
3.18
Language
Nov 29, 2016
Nobel Prize in Physics Matching
4,790
4.64
Science
Jul 5, 2016
'B' British slang
3,372
4.23
Language
Dec 1, 2016
8 out of 10 cats does countdown TEASERS
3,026
4.67
Television
Nov 9, 2016
Go to Creator's Profile
Score Distribution
Quiz Creator Spotlight
TheChigs
Follow
Send a Message
Quizzes Created
-
Created Quiz Play Count
-
More By This Creator
Popular Quizzes Today
1
Find the US States - No Outlines Minefield
2
Find the Countries of Europe - No Outlines Minefield
3
The Countries of the World
4
Find the US States
5
Risky Map Clicking: Biggest States A-Z
6
US States
7
Popular People in 1961
8
Movies - When Are They Set?
More Literature Quizzes
Death Eater or Not?
Published
Trending Quizzes
Risky Map Clicking: Least Populous States A-Z
Billboard Blitz: Aretha Franklin
1-10 Letter G Words
Countries of the World: 200 Million BC
1-10 Letter F Words
Recently Updated
Leaping Animals
pecheneg
Reality TV Shows (A-Z)
bhenderson79
Rickey Henderson's Hall of Fame Teammates
pecheneg
Champions League XIs: Arsenal
pecheneg
Quick Pick: Celebrities in WWE's Hall of Fame
aduchscher
A-Z Keypad Blitz II
pecheneg
Multiple Oscar Actors
pecheneg
Mystery Phrase Blitz: Oscar 'Best Actors'
pecheneg
F. Scott Fitzgerald Novels
LTH
Pick 3 Villains
ddd62291
Trending Topics
NBA
Harry Potter
Crossword
Disney
Marvel
Kpop
Anime
The Office
Country
WWE
Pokémon
Puzzle
Soccer
Song
NFL
Your Account Isn't Verified!
In order to create a playlist on Sporcle, you need to verify the email address you used during registration. Go to your
Sporcle Settings
to finish the process.
Report this User
Report this user for behavior that violates our
Community Guidelines
.
Details:
Send Report
Go to the Sporcle.com Mobile Site →
Comments